000
00306 a2200157 4500
001
178531
020
_a
040
_c
Magnum
100
_a
Flavio
240
1
0
_a
Rimas dos bichos
_l
por
245
1
0
_a
Rimas dos bichos
362
0
_a
1899
440
1
_a
LĂȘ
697
_a
MAGNITO: I/ANIMAIS
942
_c
BK
999
_c
178531
_d
178531